تطور الصناعة المصرية منذ عهد محمد على حتى عهد عبد الناصر (Record no. 14267)
[ view plain ]
| 000 -LEADER | |
|---|---|
| fixed length control field | 00773nam a22001577a 4500 |
| 008 - FIXED-LENGTH DATA ELEMENTS--GENERAL INFORMATION | |
| fixed length control field | 100628t xxu||||| |||| 00| 0 eng d |
| 082 ## - DEWEY DECIMAL CLASSIFICATION NUMBER | |
| Edition number | 22 |
| Classification number | 338.0962 |
| Item number | ق ا س |
| 100 ## - MAIN ENTRY--PERSONAL NAME | |
| 9 (RLIN) | 15384 |
| Personal name | قاسم،نوال |
| 245 ## - TITLE STATEMENT | |
| Title | تطور الصناعة المصرية منذ عهد محمد على حتى عهد عبد الناصر |
| Statement of responsibility, etc | نوال قاسم |
| 260 ## - PUBLICATION, DISTRIBUTION, ETC. (IMPRINT) | |
| Place of publication, distribution, etc | القاهرة: |
| Name of publisher, distributor, etc | مكتبة مدبولى ، |
| Date of publication, distribution, etc | 1987. |
| 300 ## - PHYSICAL DESCRIPTION | |
| Extent | 365 ص. |
| Dimensions | 24سم. |
| 651 ## - SUBJECT ADDED ENTRY--GEOGRAPHIC NAME | |
| 9 (RLIN) | 15390 |
| Geographic name | مصر |
| General subdivision | الصناعات |
| 651 ## - SUBJECT ADDED ENTRY--GEOGRAPHIC NAME | |
| 9 (RLIN) | 15393 |
| Geographic name | مصر |
| General subdivision | أحوال إقتصادية |
| Chronological subdivision | تاريخ 1805-1970 |
| 942 ## - ADDED ENTRY ELEMENTS (KOHA) | |
| Source of classification or shelving scheme | Dewey Decimal Classification |
| Item type | Book - Borrowing |
| Withdrawn status | Item status | Source of classification or shelving scheme | Damaged status | Not for loan | Vendor | Home library | Current library | Shelving location | Date acquired | Source of acquisition | Total Checkouts | Full call number | Barcode | Date last seen | Date last borrowed | Koha item type |
|---|---|---|---|---|---|---|---|---|---|---|---|---|---|---|---|---|
| Dewey Decimal Classification | Central Library | Central Library | First floor | 28/06/2010 | Donation | 1 | 338.0962 ق ا س | 000021181 | 15/07/2025 | 23/03/2016 | Book - Borrowing |